Najlepsi strzelcy ekstraklasy - Statystyki

Ogólne statystyki
  • Ten quiz został rozwiązany 98 razy
  • Średni wynik to 4 z 10
Statystyki odpowiedzi
liczba goli klub/kluby piłkarz % Poprawnych
167 Jagiellonia BiałystokWisła Kraków Tomasz Frankowski
79%
182 Legia warszawa Lucjan Brychczy
68%
149 Wisła Kraków GKS Katowice Paweł Brożek
59%
155 Górnik Zabrze Włodzimierz Lubański
59%
186 Legia WarszawaGórnik Zabrze Ernest Pohl
57%
168 Ruch Chorzów Gerard Cieślik
44%
153 Wisła Kraków Kazimierz Kmiecik
27%
138 Lech Poznań Teodor Anioła
27%
157 Ruch Chorzów Teodor Peterek
10%
146 Polonia Bytom Jan Liberda
8%
Nie znaleziono quizów pasujących do podanych kryteriów
Rozkład punktacji
Procent ludzi z każdym wynikiem
Percentyl według liczby udzielonych odpowiedzi
Twoja historia wyników
Nie rozwiązałeś tego quizu